History Quiz

Random History or War Quiz

WW II in 3 Words or Less Quiz Stats

 Plays Quiz not verified by Sporcle

Score 0/21 Timer 05:00
6 Plays Today
% Correct
Hitler
85%
Hirohito
80%
Rommel
79.2%
Churchill
76.5%
Eisenhower
74.1%
Oppenheimer
73.9%
Truman
71.3%
de Gaulle
71.2%
Mussolini
70.3%
Roosevelt
68.7%
MacArthur
65.5%
% Correct
Patton
64.2%
Stalin
59.7%
Yamamoto
58.2%
Marshall
52.6%
Quisling
52.2%
Doolittle
48.9%
Tibbetts
42.3%
Tojo
40.6%
Halsey
35.4%
Spruance
20.5%

You're not logged in!

Compare scores with friends on all Sporcle quizzes.
OR
Log In

You Might Also Like...

Show Comments

Extras

Top Quizzes Today


Score Distribution

Your Account Isn't Verified!

In order to create a playlist on Sporcle, you need to verify the email address you used during registration. Go to your Sporcle Settings to finish the process.

Report this User

Report this user for behavior that violates our Community Guidelines.

Details: